000 00445nam a2200169 i 4500
001 bg
100 1 _aHAUS, Ber
245 1 0 _aEwolucja struktur organizacyjnych przemysłu /
_cBer Haus.
260 _aWarszawa :
_bPWE,
_c1983.
650 9 _aPrzemysł
_xzarządzanie
_xzagadnienia
650 9 _aOrganizacja
_xzagadnienia
040 _cBPK
041 0 _apol
080 _a65.01::66/69
942 _cKS
008 s pl f |000 0 pol
999 _c35556
_d35556
856 _uhttp://koha.tu.koszalin.pl/cgi-bin/koha/opac-detail.pl?biblionumber=35556
_yKatalog online BPK